000 02640cam a22005654i 4500
003 PE-LiUPU
005 20250731173304.0
008 150625s2003 bw a r 000 0 spa d
020 _a0311462855
035 _a(Sirsi) i9780311462858
040 _aPE-LiUPU
_bspa
_cPE-LiUPU
_erda
049 _aPRUA
082 0 4 _a268.432
_bT79
_221
082 0 4 _a268.432
_bT79 2003
100 1 _aTrent, John T.,
_eeditor.,
_eautor.
245 1 0 _aGuía para el crecimiento espiritual de sus hijos /
_cJohn T. Trent, ed.
264 1 _aBielorrusia :
_bMundo Hispano,
_c2003.
300 _a464 páginas :
_bilustraciones , figuras, cuadros ;
_c24 centímetros
336 _atext
_2rdacontent
337 _aunmediated
_2rdamedia
338 _avolume
_2rdacarrier
490 0 _aEnfoque a la familia
505 0 _aLa tarea más importante para los padres de familia cristianos. -Cómo pasar a sus hijos su legado espiritual. -Instrucción espiritual relacionado con la iglesia. -Instrucción espiritual en medio del diario vivir. -Ideas, métodos y herramientas para la familia. -Momentos y eventos especiales. -Ideas, métodos y herramientas para el crecimiento individual. -El contenido de su legado espiritual. -Preguntas y recursos prácticos.
526 _aSEG42
526 _aSEG41
526 _aSEG40
526 _aSEG39
526 _aP94
526 _aP87
526 _aP86
526 _aP85
526 _aP77
526 _aP76
526 _aP35
541 _g001-0014464;
650 0 4 _aEducación cristiana de niños
_vGuías.
650 0 4 _aFamilia
_xAspectos religiosos.
650 0 4 _aPaternidad
_xAspectos cristianos.
700 1 _aBruner, Kurt.
700 1 _aOsborne, Rick
910 _tqv
_d20171116
942 _2ddc
_cBOOK
949 _a268.432 T79
_wDEWEY
_c1
_i55567
_d2016-10-3
_e2016-10-3
_lCCODEBUL1
_mBUL
_n4
_p16.00
_r0
_sY
_tBOOK
_u2015-6-25
_xTEOLOGIA
_zUNKNOWN
_0COMPRA
_o.STAFF. Colección Teología
949 _a268.432 T79 2003
_wDEWEY
_c1
_iFJ09228
_lCCODEBUJ1
_mBUJ
_p16.00
_r0
_sY
_tBOOK
_u2017-11-16
_xBIBLIOTECA
_zUNKOWN
_0COMPRA
_o.STAFF. Colección General Juliaca
994 _aC0
_bPEPRU
596 _a1 3
999 _a268.432 T79
_wDEWEY
_c44439
_i55567
_d44439
_e2019-9-9
_f2021-11-10
_g5
_lCCODEBUL1
_mBUL
_n7
_p16.00
_q2
_r0
_sY
_tBOOK
_u2015-6-25
_xTEOLOGIA
_PP35
_0COMPRA
_o.STAFF. Colección Teología
999 _a248.845 T79 2003
_wDEWEY
_c1
_iFJ09228
_d2019-11-13
_e2019-3-27
_f2022-2-4
_g3
_lCCODEBUJ1
_mBUJ
_n1
_p16.00
_q6
_r0
_sY
_tBOOK
_u2017-11-16
_xBIBLIOTECA
_zUNKNOWN
_0COMPRA
_o.STAFF. Colección General Juliaca
980 _81
_gALBERTO SANCHEZ Responsable de Automatización